[Event "Baden-ch op U1400"]
[Site "Birkenfeld"]
[Date "2013.06.01"]
[Round "6"]
[White "Heizmann, Philipp"]
[Black "Reimold, Horst"]
[Result "1-0"]
[WhiteElo "1356"]
[BlackElo "1360"]
[PlyCount "99"]
[EventDate "2013.05.30"]
[EventType "swiss"]
[EventRounds "7"]
[EventCountry "GER"]
[SourceTitle "EXT 2014"]
[Source "ChessBase"]
[SourceDate "2013.11.20"]
[SourceVersion "1"]
[SourceVersionDate "2013.11.20"]
[SourceQuality "1"]

1. e4 e5 2. Nf3 d6 3. Nc3 Nf6 4. Bc4 Be7 5. d4 exd4 6. Nxd4 c6 7. Bd3 Bg4 8. f3 Bh5 9. Nf5 Bf8 10. g4 Bg6 11. Ng3 h6 12. Bf4 Qa5 13. a3 Nbd7 14. b4 Qb6 15. Bc4 Ne5 16. Bxe5 dxe5 17. Na4 Qc7 18. Bd3 b5 19. Nb2 Qb6 20. c3 Rd8 21. Qe2 a6 22. a4 Be7 23. axb5 cxb5 24. Qf2 Rb8 25. Qxb6 Rxb6 26. Ke2 0-0 27. Rhd1 h5 28. h3 hxg4 29. hxg4 Ne8 30. Nf1 Nc7 31. Ne3 Rd8 32. Bc2 Rbd6 33. Rxd6 Rxd6 34. Rd1 Rxd1 35. Bxd1 Ne6 36. Nd5 Kf8 37. Nxe7 Kxe7 38. Nd3 f6 39. Bb3 Nf4+ 40. Nxf4 exf4 41. Kd3 Kd6 42. Kd4 Be8 43. Bd5 Bc6 44. Bxc6 Kxc6 45. e5 fxe5+ 46. Kxe5 g6 47. g5 Kd7 48. Kf6 Ke8 49. Kxg6 Kf8 50. Kh7 1-0

[Event "Baden-ch op U1400"]
[Site "Birkenfeld"]
[Date "2013.05.31"]
[Round "5"]
[White "Kowohl, Ewald"]
[Black "Heizmann, Philipp"]
[Result "0-1"]
[WhiteElo "1328"]
[BlackElo "1356"]
[PlyCount "78"]
[EventDate "2013.05.30"]
[EventType "swiss"]
[EventRounds "7"]
[EventCountry "GER"]
[SourceTitle "EXT 2014"]
[Source "ChessBase"]
[SourceDate "2013.11.20"]
[SourceVersion "1"]
[SourceVersionDate "2013.11.20"]
[SourceQuality "1"]

1. d4 d5 2. c4 dxc4 3. Nc3 Nf6 4. e4 e6 5. Bxc4 Bb4 6. Nge2 c5 7. Be3 Nxe4 8. 0-0 Bxc3 9. bxc3 cxd4 10. Bxd4 0-0 11. Qc2 Nf6 12. Rad1 Qe7 13. f3 Nc6 14. Bf2 Ne5 15. Bb3 Ng6 16. Bg3 Rd8 17. Rxd8+ Qxd8 18. Rd1 Qb6+ 19. Kh1 Bd7 20. c4 e5 21. Nc3 Rd8 22. Nd5 Nxd5 23. cxd5 Bb5 24. Bf2 Qa6 25. Be3 b6 26. d6 Qc8 27. Qd2 Qd7 28. Qb4 Kf8 29. Bc4 Bxc4 30. Qxc4 Rc8 31. Qb4 f6 32. a4 Nh8 33. Bc1 Nf7 34. Ba3 Rc6 35. h3 Ke8 36. f4 a5 37. Qb5 Kd8 38. Qd3 g6 39. fxe5 Nxe5 0-1

[Event "Baden-ch op U1200"]
[Site "Haslach im Kinzigtal"]
[Date "2010.06.05"]
[Round "6"]
[White "Heizmann, Philipp"]
[Black "Von Hodenberg, Janine"]
[Result "1-0"]
[WhiteElo "971"]
[BlackElo "993"]
[PlyCount "83"]
[EventDate "2010.05.31"]
[EventType "swiss"]
[EventRounds "7"]
[EventCountry "GER"]
[SourceTitle "EXT 2011"]
[Source "ChessBase"]
[SourceDate "2010.11.26"]
[SourceVersion "1"]
[SourceVersionDate "2010.11.26"]
[SourceQuality "1"]

1. e4 e5 2. Nf3 d6 3. Bc4 Nf6 4. d3 Nc6 5. Nc3 Be7 6. h3 0-0 7. Be3 Nb4 8. a3 Nc6 9. d4 Na5 10. Qe2 Be6 11. d5 Bd7 12. b4 Nxc4 13. Qxc4 Rc8 14. Bg5 Nh5 15. Bxe7 Qxe7 16. Ne2 Ba4 17. b5 a6 18. Qxa4 Qd7 19. c4 Ra8 20. g4 Nf6 21. Nc3 Rfc8 22. Nd2 c6 23. bxc6 bxc6 24. dxc6 Rxc6 25. Nd5 Ne8 26. Nb6 Qb7 27. Nxa8 Qxa8 28. Rb1 Rc8 29. Qb4 a5 30. Qb7 Nc7 31. Qxa8 Rxa8 32. Rb7 Na6 33. Nb3 a4 34. Na5 Nc5 35. Rc7 Nxe4 36. 0-0 g5 37. Nc6 Nd2 38. Ne7+ Kg7 39. Nf5+ Kg6 40. Rd1 Nf3+ 41. Kg2 e4 42. Rxd6+ 1-0

[Event "Baden-ch op U1200"]
[Site "Haslach im Kinzigtal"]
[Date "2010.06.01"]
[Round "2"]
[White "Heizmann, Philipp"]
[Black "Denz, Annika"]
[Result "1-0"]
[WhiteElo "971"]
[BlackElo "982"]
[PlyCount "115"]
[EventDate "2010.05.31"]
[EventType "swiss"]
[EventRounds "7"]
[EventCountry "GER"]
[SourceTitle "EXT 2011"]
[Source "ChessBase"]
[SourceDate "2010.11.26"]
[SourceVersion "1"]
[SourceVersionDate "2010.11.26"]
[SourceQuality "1"]

1. c4 e5 2. Nc3 Nf6 3. d3 Nc6 4. Nf3 Bc5 5. g3 d6 6. Bg2 Bg4 7. Be3 Bxe3 8. fxe3 0-0 9. Qb3 Na5 10. Qb4 c5 11. Qa4 b6 12. Nd2 Rb8 13. h3 Bd7 14. Qc2 Nh5 15. g4 Ng3 16. Rg1 Qh4 17. Nf3 Qf6 18. Kf2 e4 19. dxe4 Nxc4 20. Nd5 Qe6 21. Nf4 Nxe4+ 22. Ke1 Nxe3 23. Qd3 Qc4 24. Qxe3 Qb4+ 25. Nd2 Qxb2 26. Rb1 Qc3 27. Qxe4 Rfe8 28. Qd3 Qf6 29. Nh5 Qh4+ 30. Kf1 g6 31. Nf3 Bxg4 32. Nxh4 Bxe2+ 33. Qxe2 Rxe2 34. Kxe2 gxh5 35. Kd2 c4 36. Kc3 b5 37. Bc6+ Kf8 38. Rxb5 Rxb5 39. Bxb5 d5 40. Re1 Kg7 41. Re7 Kf6 42. Rxa7 Ke5 43. Re7+ Kd6 44. Rxf7 Kc5 45. a4 d4+ 46. Kd2 c3+ 47. Kc2 Kb4 48. Rf4 Kc5 49. Nf3 Kd5 50. Rxd4+ Ke6 51. a5 h4 52. a6 h5 53. a7 Kf5 54. a8Q Ke6 55. Qe8+ Kf5 56. Bd3+ Kf6 57. Rf4+ Kg7 58. Qf8# 1-0